Köhlerglaube und Wissenschaft: eine Streitschrift gegen Rudolph Wagner in Göttingen
Saved in:
| Main Author: | |
|---|---|
| Format: | Book |
| Language: | German |
| Published: |
Giessen
J. Ridersche
1856
|
| Subjects: | |
| Tags: |
Add Tag
No Tags, Be the first to tag this record!
|
MARC
| LEADER | 00000nam a2200000 a 4500 | ||
|---|---|---|---|
| 001 | UCU1639 | ||
| 003 | CL-VaPUC | ||
| 008 | 960409e18560000GW |||||||||||||||||ger|d | ||
| 082 | 0 | 4 | |a 210 |b VOG |2 21 |
| 100 | 0 | |a Vogt, Carl |e author |9 357317 | |
| 245 | 1 | 0 | |a Köhlerglaube und Wissenschaft: eine Streitschrift gegen Rudolph Wagner in Göttingen |
| 300 | |a 126 p | ||
| 942 | |c BK | ||
| 945 | |d 19960409 00:00:00 |a cmena | ||
| 260 | |a Giessen |b J. Ridersche |c 1856 | ||
| 650 | 0 | |a Creencia Religiosa |9 316904 | |
| 650 | 0 | |a Materialismo |9 265687 | |
| 650 | 0 | |a Ciencia |9 255691 | |
| 583 | |a last modification |c 19960409 00:00:00 |k Rodrigo Vera | ||
| 999 | |c 246199 |d 246197 | ||
| 952 | |0 0 |1 0 |4 0 |6 210_000000000000000_VOG_1856 |7 0 |8 P |9 260951 |a BIBEDU |b BIBEDU |c BIBEDU_PB |d 2019-11-19 |i 2016370 |o 210 VOG 1856 |p 2016370 |r 2024-01-25 |w 2019-11-19 |y BK |k FIL | ||